000 01019nam a2200277 im4500
001 118155
003 ES-SlBCS
005 20210327224137.0
008 060907s1884 sp ao 001 | spa u
040 _aM-BN
_bspa
_dES-SlBCS
080 _a75.051
100 1 _aMadrazo, Pedro De,
_d1816-1898
_9105718
245 1 0 _aViaje artistico de tres siglos por las colecciones de cuadros de los reyes de España desde Isabel la Católica hasta la formacion del Real Museo del Prado de Madrid /por Pedro de Madrazo ; fotograbados de Laurent, Joarizti y Mariezcurrena
260 _aBarcelona :
_bDaniel Cortezo y Cª
_c, 1884
300 _aVI, 7-317 :
_b22 h. de lam. ;
_c21 cm
490 0 _aBiblioteca "Arte y Letras"
500 _aPort. a dos tintas
650 4 _aPintura
_913861
651 4 _aEspaña
_942201
653 4 _aEdad Moderna
655 4 _aReyes y Soberanos
_9105719
655 4 _aHistoria
_92130
700 1 _aJoarizti, Miguel,
_dca.1840-1910.
_9105720
752 _aEspaña
_dBarcelona.
942 _2lcc
_cBK
999 _c466927
_d466927